[Event "Pinneberg op Seniors 12th"]
[Site "Pinneberg"]
[Date "2011.06.16"]
[Round "1"]
[White "Bierwald, Martin"]
[Black "Raedisch, Peter"]
[Result "0-1"]
[WhiteElo "1322"]
[BlackElo "1613"]
[PlyCount "143"]
[EventDate "2011.06.16"]
[EventType "swiss"]
[EventRounds "7"]
[EventCountry "GER"]
[SourceTitle "EXT 2012"]
[Source "ChessBase"]
[SourceDate "2011.11.24"]
[SourceVersion "1"]
[SourceVersionDate "2011.11.24"]
[SourceQuality "1"]

1. e4 e5 2. Nf3 Nc6 3. Bb5 d6 4. 0-0 Bd7 5. c3 Nf6 6. Re1 Be7 7. d4 0-0 8. d5 Nb8 9. Bxd7 Nbxd7 10. c4 Nc5 11. Nc3 a6 12. b3 h6 13. Qc2 Nh7 14. Be3 b6 15. Rab1 Qd7 16. h3 f5 17. exf5 Rxf5 18. Qe2 Raf8 19. Kh2 R5f7 20. Rf1 Bf6 21. Bxc5 bxc5 22. Ne4 Be7 23. Rbc1 Qf5 24. Ng3 Qf4 25. Qe4 Ng5 26. Qxf4 Rxf4 27. Nxg5 Bxg5 28. f3 Rd4 29. Rcd1 Bf4 30. h4 g5 31. Kh3 Bxg3 32. Kxg3 Rxh4 33. Rh1 Rxh1 34. Rxh1 Kg7 35. Re1 Rf4 36. Re2 Kg6 37. Kh3 h5 38. Kg3 Kf5 39. Kh3 Rh4+ 40. Kg3 e4 41. fxe4+ Rxe4 42. Rf2+ Rf4 43. Re2 h4+ 44. Kh3 Kf6 45. Re6+ Kf7 46. Re2 Rd4 47. Rf2+ Kg7 48. Kh2 g4 49. g3 hxg3+ 50. Kxg3 Kg6 51. Rf4 Kg5 52. Rf2 Rd3+ 53. Kg2 Kh4 54. Re2 Rg3+ 55. Kh2 Rf3 56. Kg2 Rf4 57. Re3 Rd4 58. Re2 Kg5 59. Rf2 Rf4 60. Rxf4 Kxf4 61. Kf2 g3+ 62. Kg2 Kg4 63. a3 Kf4 64. Kf1 Kf3 65. Kg1 g2 66. a4 Kg3 67. b4 cxb4 68. c5 Kf4 69. cxd6 cxd6 70. Kxg2 Ke5 71. Kf2 Kxd5 72. Ke2 0-1